| 000 | 00837nam a2200253 a 4500 | ||
|---|---|---|---|
| 001 | 51283 | ||
| 003 | BD-RjUL | ||
| 005 | 20211209075633.0 | ||
| 008 | 160830r19651961enka 001 0 eng d | ||
| 020 | _a052105107X | ||
| 035 | _a(BD-RjUL)51403 | ||
| 040 |
_aBD-RjUL _beng _cBD-RjUL _dBD-RjUL |
||
| 041 | _aeng | ||
| 082 |
_223 _a515.723 _bGOF 1965 |
||
| 100 | 1 |
_aGoldberg, Richard R. _9153392 |
|
| 245 | 1 | 0 |
_aFourier transforms / _cby Richard R. Goldberg. |
| 260 |
_aCambridge : _bCambridge University Press, _c1961, [Reprinted 1965]. |
||
| 300 |
_aviii, 76 p. ; _c22 cm. |
||
| 490 | 1 |
_aCambridge tracts in mathematics and mathematical physics ; _vno.52 |
|
| 650 | 0 |
_aFourier transformations. _9153355 |
|
| 830 | 0 |
_aCambridge tracts in mathematics and mathematical physics ; _vno.52 _9153394 |
|
| 942 |
_2ddc _cBK |
||
| 999 |
_c51283 _d51283 |
||